The evolution of land surveying in Mauritius (Record no. 83475)

MARC details
000 -LEADER
fixed length control field 00759cab a22001935a 4500
001 - CONTROL NUMBER
control field L154064
008 - FIXED-LENGTH DATA ELEMENTS--GENERAL INFORMATION
fixed length control field 111011s2011 xxka f 000 0 eng d
035 ## - SYSTEM CONTROL NUMBER
System control number (Sirsi) u154064
041 0# - LANGUAGE CODE
Language code of text/sound track or separate title eng
100 1# - MAIN ENTRY--PERSONAL NAME
Personal name Miyan, Abdool R Hasan
245 04 - TITLE STATEMENT
Title The evolution of land surveying in Mauritius
260 ## - PUBLICATION, DISTRIBUTION, ETC.
Date of publication, distribution, etc. 2011
490 ## - SERIES STATEMENT
Series statement Civil Engineering Surveyor
Volume/sequential designation October 2011, 26-39(5)
520 ## - SUMMARY, ETC.
Summary, etc. Illustrates different aspects in the administration of land and the surveying techniques employed; French and British colonial influence; plane surveying during the 20th century; electronic equipment in use nowadays.
651 #4 - SUBJECT ADDED ENTRY--GEOGRAPHIC NAME
Geographic name Mauritius
690 ## - LOCAL SUBJECT ADDED ENTRY--TOPICAL TERM (OCLC, RLIN)
Topical term or geographic name as entry element ENVIRONMENTAL AND LAND CONSULTANCY-GEOMATICS-LAND SURVEYING
700 1# - ADDED ENTRY--PERSONAL NAME
Personal name Cassam, Muhammad Zuver
942 ## - ADDED ENTRY ELEMENTS (KOHA)
Suppress in OPAC 0
Holdings
Withdrawn status Lost status Source of classification or shelving scheme Damaged status Not for loan Home library Current library Shelving location Date acquired Total Checkouts Full call number Barcode Date last seen Copy number Price effective from Koha item type
    Dewey Decimal Classification     London London Journal article 11/10/2011   L154064 154064-1001 06/08/2019 1 06/08/2019 Journal article